000 00352nam a2200133Ia 4500
005 20251222141829.0
008 251222s9999||||xx |||||||||||||| ||spa||
020 _a84-9700-234-2
082 _a372.632/C76
100 _aComes Nolla, Gabriel
245 0 _aAtención Educativa al Alumnado con Dificultades Ortográficas
264 _bAljibe
942 _cLIB
999 _c7054
_d7054